000 00543nam a2200193Ia 4500
005 20260114185816.0
008 008 260114s9999 xx 000 0 eng d
020 _a9781474219075
037 _aEBOOK
040 _aCRL
_beng
_cCRL
041 _aeng
_2eng
084 _qCRL
100 _aMichael J. Decker
_9874666
245 4 _aThe Byzantine Dark Ages
260 _bBloomsbury
_c2016
856 _uhttps://doi.org/10.5040/9781474219075?locatt=label:secondary_bloomsburyCollections
942 _cEBOOK
999 _c1473600
_d1473600